[Event "Pilsen Region-chT 2223"]
[Site "Czech Republic"]
[Date "2023.02.12"]
[Round "8.5"]
[White "Janecek, Pavel"]
[Black "Mraz, Milos"]
[Result "1/2-1/2"]
[WhiteElo "1859"]
[BlackElo "1905"]
[PlyCount "31"]
[EventDate "2022.10.09"]
[EventType "team-tourn"]
[EventRounds "11"]
[EventCountry "CZE"]
[SourceTitle "EXT 2024"]
[Source "ChessBase"]
[SourceDate "2023.10.10"]
[SourceVersion "1"]
[SourceVersionDate "2023.10.10"]
[SourceQuality "1"]
[WhiteTeam "Kozolupy Sakal"]
[BlackTeam "Loko"]
[WhiteTeamCountry "CZE"]
[BlackTeamCountry "CZE"]

1. e4 c6 2. d4 d5 3. exd5 cxd5 4. c4 e6 5. Nf3 Nf6 6. Nc3 Be7 7. c5 Nc6 8. a3 0-0 9. b4 Ne4 10. Qc2 Bf6 11. Be3 e5 12. Nxe4 dxe4 13. Nxe5 Nxe5 14. dxe5 Bxe5 15. Rd1 Qf6 16. Bc4 1/2-1/2

[Event "Plzen Calliditas op"]
[Site "Plzen"]
[Date "2020.08.30"]
[Round "9"]
[White "Janecek, Pavel"]
[Black "Kratochvilova, Magdalena"]
[Result "1-0"]
[WhiteElo "1900"]
[BlackElo "1580"]
[PlyCount "157"]
[EventDate "2020.08.23"]
[EventType "swiss"]
[EventRounds "9"]
[EventCountry "CZE"]
[SourceTitle "CBM 198 Extra"]
[Source "ChessBase"]
[SourceDate "2020.11.30"]
[SourceVersion "1"]
[SourceVersionDate "2020.11.30"]
[SourceQuality "1"]

1. e4 c5 2. Nf3 Nc6 3. d4 cxd4 4. Nxd4 g6 5. c4 Bg7 6. Be3 Nf6 7. Nc3 Ng4 8. Qxg4 Nxd4 9. Qd1 Nc6 10. Be2 0-0 11. 0-0 d6 12. Qd2 Bd7 13. f4 Re8 14. Rac1 Rc8 15. b3 Qa5 16. g4 Nd8 17. h3 Bc6 18. Bd3 Ne6 19. Bb1 Nc5 20. Bd4 e5 21. fxe5 dxe5 22. Be3 Rcd8 23. Qf2 Nd3 24. Bxd3 Rxd3 25. Nd5 Bxd5 26. exd5 f6 27. Rfd1 Rxd1+ 28. Rxd1 Rd8 29. Rd2 Qc3 30. Kg2 a6 31. Qe2 Bf8 32. Rd3 Qa5 33. Qf2 Re8 34. Qxf6 Qxa2+ 35. Qf2 Qb1 36. Qd2 e4 37. Rc3 Bd6 38. c5 Rf8 39. Rc1 Qxb3 40. cxd6 Qb5 41. Re1 Qd7 42. Rf1 Rxf1 43. Kxf1 Qxd6 44. Bf4 Qa3 45. Qe3 Qa1+ 46. Kg2 Qa2+ 47. Kg3 Qxd5 48. Qc3 Qd3+ 49. Qxd3 exd3 50. Kf3 Kf7 51. Ke4 Ke6 52. Kd4 b5 53. Kc5 h5 54. Kd4 a5 55. Kxd3 Kd5 56. Bc7 a4 57. Kc3 a3 58. Kb3 b4 59. Ba5 hxg4 60. hxg4 a2 61. Kxa2 Kc4 62. Kb2 Kb5 63. Bd8 Kc4 64. g5 b3 65. Be7 Kd5 66. Kxb3 Ke6 67. Bf6 Kd7 68. Kb4 Kc6 69. Kc4 Kd6 70. Kd4 Ke6 71. Kc5 Kd7 72. Kd5 Ke8 73. Ke6 Kf8 74. Be5 Kg8 75. Kf6 Kh7 76. Bf4 Kh8 77. Kxg6 Kg8 78. Be5 Kf8 79. Kh7 1-0

[Event "Plzen Calliditas op"]
[Site "Plzen"]
[Date "2020.08.27"]
[Round "6"]
[White "Janecek, Pavel"]
[Black "Soutner, Jaroslav"]
[Result "1-0"]
[WhiteElo "1900"]
[BlackElo "1726"]
[PlyCount "69"]
[EventDate "2020.08.23"]
[EventType "swiss"]
[EventRounds "9"]
[EventCountry "CZE"]
[SourceTitle "CBM 198 Extra"]
[Source "ChessBase"]
[SourceDate "2020.11.30"]
[SourceVersion "1"]
[SourceVersionDate "2020.11.30"]
[SourceQuality "1"]

1. e4 e5 2. Nf3 Nc6 3. Bc4 Nf6 4. d3 Be7 5. c3 0-0 6. Bb3 d5 7. Qe2 dxe4 8. dxe4 Bg4 9. h3 Bh5 10. Nbd2 Re8 11. Nf1 h6 12. g4 Bg6 13. Ng3 Nh7 14. h4 Nf8 15. h5 Bh7 16. Nf5 Bf6 17. Bd2 Ne6 18. 0-0-0 Qc8 19. Rdg1 Qd8 20. Rd1 Qc8 21. Rhg1 a6 22. g5 Nxg5 23. Bxg5 hxg5 24. Nxg5 Bxg5+ 25. Rxg5 Bxf5 26. Rxf5 Re7 27. Qg4 Na5 28. Bc2 Qe6 29. Kb1 Rf8 30. Rg1 Qh6 31. Rg5 f6 32. Rg6 Qh7 33. h6 Rff7 34. Rxg7+ Rxg7 35. Qc8+ 1-0

[Event "Plzen Calliditas op"]
[Site "Plzen"]
[Date "2020.08.25"]
[Round "4"]
[White "Zach, Tomas"]
[Black "Janecek, Pavel"]
[Result "0-1"]
[WhiteElo "1617"]
[BlackElo "1900"]
[PlyCount "50"]
[EventDate "2020.08.23"]
[EventType "swiss"]
[EventRounds "9"]
[EventCountry "CZE"]
[SourceTitle "CBM 198 Extra"]
[Source "ChessBase"]
[SourceDate "2020.11.30"]
[SourceVersion "1"]
[SourceVersionDate "2020.11.30"]
[SourceQuality "1"]

1. e4 c5 2. Nf3 Nc6 3. d4 cxd4 4. Nxd4 g6 5. c3 Bg7 6. Nxc6 bxc6 7. Be3 Nf6 8. Bd3 0-0 9. 0-0 d6 10. h3 a5 11. Qd2 Rb8 12. Na3 d5 13. exd5 cxd5 14. Rab1 e5 15. Bh6 Bd7 16. Bxg7 Kxg7 17. f3 Nh5 18. Qf2 Nf4 19. Rfd1 Bxh3 20. g3 Nxd3 21. Rxd3 Bf5 22. Rdd1 Bxb1 23. Rxb1 Qb6 24. Qxb6 Rxb6 25. Nc2 Rc8 0-1

[Event "Plzen op 5th"]
[Site "Plzen"]
[Date "2013.11.24"]
[Round "1"]
[White "Schmidt Schaeffer, Sebastian"]
[Black "Janecek, Pavel"]
[Result "1-0"]
[WhiteElo "2382"]
[BlackElo "1894"]
[PlyCount "74"]
[EventDate "2013.11.24"]
[EventType "swiss"]
[EventRounds "7"]
[EventCountry "CZE"]
[SourceTitle "CBM 157 Extra"]
[Source "ChessBase"]
[SourceDate "2013.12.19"]
[SourceVersion "1"]
[SourceVersionDate "2013.12.19"]
[SourceQuality "1"]

1. f4 c5 2. Nf3 Nc6 3. e3 g6 4. d4 cxd4 5. exd4 d5 6. c3 Nf6 7. Be2 Bg7 8. 0-0 0-0 9. Nbd2 Rb8 10. Ne5 a6 11. a4 Qb6 12. Kh1 h5 13. Bd3 Ng4 14. Qf3 Ncxe5 15. fxe5 Be6 16. a5 Qc6 17. h3 Nh6 18. Nb3 Bf5 19. Bxh6 Bxd3 20. Bxg7 Be4 21. Qe3 Kxg7 22. Nc5 Bf5 23. Rxf5 gxf5 24. e6 f6 25. Rf1 Rh8 26. Rxf5 Rbd8 27. Nd3 Rh6 28. Nf4 Qe8 29. Qf3 Rd6 30. Rxd5 Rxd5 31. Qxd5 Qc6 32. Qd7 Qd6 33. Nd5 Qxd7 34. exd7 Rh8 35. Nc7 Kf7 36. Ne8 Rxe8 37. dxe8Q+ Kxe8 1-0